000 00580cam a22002053a 4500
001 39246
003 PGUSA
005 20140828083855.0
008 120324s2012||||xxu|||||s|||||000 | eng d
040 _aPGUSA
_beng
042 _adc
100 1 _aO'Reilly, Elizabeth Boyle,
_d1874-
245 1 0 _aHeroic Spain
_h[electronic resource] /
_cElizabeth Boyle O'Reilly
260 _bProject Gutenberg,
_c2012
506 _aPublic domain in the USA.
516 _aElectronic text
830 0 _aProject Gutenberg
_v39246
856 4 0 _uhttp://www.gutenberg.org/ebooks/39246
942 _cEB
999 _c268499
_d268499